000 00323nam a2200121Ia 4500
008 230717s9999 xx 000 0 und d
020 _a81-7534-302-9
041 _aeng
082 _a341
_bDAS
100 _aDas P.K
245 _aInternational Law Documents
260 _aNew Delhi
_bUniversal Law Publishing Co.Pvt.Ltd.
_c2003
999 _c671781
_d671781